| 000 | 00712cam a22002293a 4500 | ||
|---|---|---|---|
| 001 | 19185 | ||
| 003 | PGUSA | ||
| 005 | 20140828083415.0 | ||
| 008 | 060905s2006||||xxu|||||s|||||000 | eng d | ||
| 040 |
_aPGUSA _beng |
||
| 042 | _adc | ||
| 050 | 4 | _aBX | |
| 100 | 1 |
_aWhyte, Alexander, _d1836-1921 |
|
| 245 | 1 | 0 |
_aSanta Teresa : _bAn Appreciation : With Some of the Best Passages of the Saint's Writings _h[electronic resource] / _cAlexander Whyte |
| 260 |
_bProject Gutenberg, _c2006 |
||
| 506 | _aPublic domain in the USA. | ||
| 516 | _aElectronic text | ||
| 653 | _aTeresa, of Avila, Saint, 1515-1582 | ||
| 830 | 0 |
_aProject Gutenberg _v19185 |
|
| 856 | 4 | 0 | _uhttp://www.gutenberg.org/ebooks/19185 |
| 942 | _cEB | ||
| 999 |
_c248440 _d248440 |
||